000
00346nam a2200157Ia 4500
008
230524s9999 xx 000 0 und d
082
_a
4
_b
BHA
100
_a
J.Bhasker
245
0
_a
VHDL Primer
250
_a
3RD
260
_a
SINGAPORE
_b
Pearson
_c
2005
300
_a
XX;373
500
_a
Quantity Number: 8
650
_a
Comp-Sc
942
_c
BK
999
_c
1462
_d
1462